<?xml version="1.0" encoding="UTF-8"?><?xml-stylesheet type="text/xsl" href="static/style.xsl"?><OAI-PMH xmlns="http://www.openarchives.org/OAI/2.0/" xmlns:xsi="http://www.w3.org/2001/XMLSchema-instance" xsi:schemaLocation="http://www.openarchives.org/OAI/2.0/ http://www.openarchives.org/OAI/2.0/OAI-PMH.xsd"><responseDate>2026-06-01T16:24:25Z</responseDate><request verb="GetRecord" identifier="oai:riuma.uma.es:10630/17495" metadataPrefix="marc">https://riuma.uma.es/rest/oai/request</request><GetRecord><record><header><identifier>oai:riuma.uma.es:10630/17495</identifier><datestamp>2026-02-03T12:24:34Z</datestamp><setSpec>com_10630_2254</setSpec><setSpec>col_10630_37959</setSpec></header><metadata><record xmlns="http://www.loc.gov/MARC21/slim" xmlns:dcterms="http://purl.org/dc/terms/" xmlns:doc="http://www.lyncode.com/xoai" xmlns:xsi="http://www.w3.org/2001/XMLSchema-instance" xsi:schemaLocation="http://www.loc.gov/MARC21/slim http://www.loc.gov/standards/marcxml/schema/MARC21slim.xsd">
   <leader>00925njm 22002777a 4500</leader>
   <datafield ind2=" " ind1=" " tag="042">
      <subfield code="a">dc</subfield>
   </datafield>
   <datafield ind2=" " ind1=" " tag="720">
      <subfield code="a">Díaz Fernández, Antonio</subfield>
      <subfield code="e">author</subfield>
   </datafield>
   <datafield ind2=" " ind1=" " tag="260">
      <subfield code="c">2019-04-08</subfield>
   </datafield>
   <datafield ind2=" " ind1=" " tag="520">
      <subfield code="a">La investigación en Criminología y Seguridad, relacionada con víctimas de delitos, delincuentes, funcionarios de organismos de seguridad o bandas criminales, presenta distintos retos metodológicos, logísticos y éticos a los que tiene que enfrentarse el investigador. En ese sentido, el objetivo de la conferencia consiste en explicar detalladamente los tipos de dificultades mencionadas y proponer diferentes estrategias que permitan abordar exitosamente el proceso de investigación criminológico. Para ello, se parte de tres principios éticos: i) la justicia, ii) la beneficencia, y iii) el respeto por el campo de investigación y la población de estudio. Como parte de las estrategias metodológicas se explica la elaboración de un protocolo de consentimiento informado, la elección de un rol operativo como investigador y de la mejor técnica de obtención de información; así como el desarrollo de medidas de protección para los participantes y los investigadores.</subfield>
   </datafield>
   <datafield ind1="8" ind2=" " tag="024">
      <subfield code="a">https://hdl.handle.net/10630/17495</subfield>
   </datafield>
   <datafield tag="653" ind2=" " ind1=" ">
      <subfield code="a">Criminología</subfield>
   </datafield>
   <datafield ind2="0" ind1="0" tag="245">
      <subfield code="a">La investigación en temas sensibles en Criminología y Seguridad</subfield>
   </datafield>
</record>
</metadata></record></GetRecord></OAI-PMH>